Network architecture and design : a field guide for IT consultants /

Bibliographic Details
Main Author: DiMarzio, J. F.
Format: Book
Language:English
Published: Indianapolis, Ind. : Sams, [2001]
Subjects:

MARC

Tag First Indicator Second Indicator Subfields
LEADER 00000cam a22000008a 4500
001 in00001610941
005 20151023060440.0
008 010317s2001 inua 001 0 eng
010 |a  01087591  
015 |a GBA1-Y5550 
020 |a 0672320827 
029 0 |a UKM  |b bA1Y5550 
035 |a (OCoLC)ocm46600305 
040 |a UKM  |c UKM  |d KLG  |d TXA  |d UtOrBLW 
049 |a TXAM 
082 0 4 |a 004.65  |2 21 
090 |a QA76.9.A73  |b D56 2001 
100 1 |a DiMarzio, J. F. 
245 1 0 |a Network architecture and design :  |b a field guide for IT consultants /  |c J.F. DiMarzio. 
264 1 |a Indianapolis, Ind. :  |b Sams,  |c [2001] 
264 4 |c ©2001 
300 |a xi, 369 pages :  |b illustrations ;  |c 24 cm. 
336 |a text  |b txt  |2 rdacontent 
337 |a unmediated  |b n  |2 rdamedia 
338 |a volume  |b nc  |2 rdacarrier 
500 |a Includes index. 
650 0 |a Computer network architectures. 
650 0 |a Computer networks  |x Design. 
948 |a cataloged  |b h  |c 2001/7/12  |d c  |e jspillan  |f 11:32:13 am 
994 |a E0  |b TXA 
999 |a MARS 
999 f f |s 0c76d77b-01cb-31cf-ba18-e8631d529420  |i 3ead0a62-56dd-30ff-81f7-e2f985986187  |t 0 
952 f f |p ric  |a Texas A&M University  |b Rellis Campus  |c Joint Library Facility  |d Remote Storage  |t 0  |e QA76.9.A73 D56 2001  |h Library of Congress classification  |i unmediated -- volume  |m A14827837043 
998 f f |a QA76.9.A73 D56 2001  |t 0  |l Remote Storage